000 00654nam a2200241Ia 4500
003 OSt
005 20220924122758.0
006 a|||||r|||| 00| 0
007 ta
008 220923b |||||||| |||| 00| 0 per d
024 _a325231
037 _cTextual
040 _aARTS
_cARTS
_bper
041 _2per
_aper
082 _aDelta73w, 164E5
100 _aAhmad Abdurrahman Au.
_9190702
245 0 _aNafhatul uns
260 _aLucknow
_bMunshi Nawal Kishore India
_c1915
300 _a572p.
_ccm.
650 _aSPIRurdALISM
942 _hDelta73w, 164E5
_cTEXL
_2CC
999 _c413042
_d413042